Coupe du Monde Rugby: Angleterre - Statistiques

Statistiques générales
  • Ce quiz a été pris 103 fois
    81 depuis la dernière actualisation
  • Le résultat moyen est 16 sur 18
Statistiques - réponses
Réponse % Correct
France
100%
Afrique du Sud
97%
Nouvelle-Zélande
96%
Pays de Galles
96%
Australie
94%
Ecosse
94%
Argentine
93%
Fidji
91%
Tonga
91%
Italie
88%
Samoa
88%
Samoa Occidentales
88%
Japon
87%
Etats-Unis
81%
Uruguay
79%
Roumanie
75%
Géorgie
70%
Chili
66%
Aucun quiz correspondant
Distribution des résultats
% des personnes avec chaque résultat
Percentile par nombre de réponses
Votre historique - résultats
Vous n’avez pas pris ce quiz depuis la dernière actualisation